000 00599nam a2200241Ia 4500
003 OSt
005 20221005121144.0
006 a|||||r|||| 00| 0
007 ta
008 221004b |||||||| |||| 00| 0 mar d
024 _a40391
037 _cTextual
040 _aCRL
_cCRL
_bmar
041 _2mar
_amar
082 _aR65,5:g0R4, 155J1
100 _aKaviswar G.V
_9630170
245 0 _aGitatatavdharsan
260 _c1951
300 _a488p.
_ccm.
650 _aBHAGAVAD GITA
942 _hR65,5:g0R4, 155J1
_cTEXL
_2cc
999 _c1040291
_d1040291